| 000 | 00803nam a2200229 a 4500 | ||
|---|---|---|---|
| 001 | 000024445 | ||
| 005 | 20200930023158.0 | ||
| 008 | 110127s1975 ||| r 000 | spa d | ||
| 040 |
_aDO-SdBNP _bspa _cBNPHU |
||
| 082 |
_a485 _bD167m |
||
| 100 | 1 |
_aDana, H. E. _943776 |
|
| 245 | 1 | 0 |
_aManual de gramática del nuevo testamento griego / _cH. E. Dan, Julius R. Mantey; versión castellana por Adolfo Robledo D., Catalina H. de Clark, Stanley D. Clark. |
| 260 |
_a[s. l.] : _bCasa Bautista de Publicaciones , _c1975. |
||
| 300 |
_a323 p. ; _c21 cm. |
||
| 650 | 4 |
_aGriego _xGramática _950115 |
|
| 650 | 4 |
_aGramática _95057 |
|
| 700 | 1 |
_aMantey, Julius R. _950116 |
|
| 700 | 1 |
_aRobleto D., Adolfo _950117 |
|
| 700 | 1 |
_aClark, Catalina H. de _950118 |
|
| 700 | 1 |
_aClark, Stanley D. _950119 |
|
| 049 | _aBNGR | ||
| 999 |
_c23938 _d23938 |
||